[Event "33rd ECCC Open 2017"]
[Site "Antalya"]
[Date "2017.10.13"]
[Round "6"]
[White "Huzman, Alexander"]
[Black "Grachev, Boris"]
[Result "1/2-1/2"]
[WhiteElo "2549"]
[BlackElo "2645"]
[Annotator "TA"]
[PlyCount "103"]
[EventType "team-tourn"]
[EventCountry "TUR"]
[SourceTitle "playchess.com"]
[Source "ChessBase"]
[SourceQuality "1"]
[WhiteTeam "Beer Sheva"]
[BlackTeam "Legacy Square Capital"]

{[%evp 17,103,0,32,36,43,41,38,31,39,39,36,17,24,14,35,30,22,19,21,15,35,35,35,35,47,47,47,47,51,26,36,36,51,55,53,47,56,43,55,55,55,48,53,55,55,54,57,55,87,87,86,74,133,54,54,54,54,62,125,125,113,122,120,120,119,91,79,91,126,118,114,132,126,123,164,164,165,168,162,172,172,161,170,12,23,0,0,0]} 1. d4 d5 2. c4 e6 3. Nf3 Nf6 4. g3 dxc4 5. Bg2 Bd7 6. Ne5 Bc6 7. Nxc6 Nxc6 8. O-O Qd7 {E04: Katalanisch} 9. e3 Rd8 {LiveBook: 35 Partien} 10. Qc2 e5 {Weiß steht etwas besser.} 11. dxe5 Nxe5 12. Nd2 Be7 $146 ({Vorgänger:} 12... b5 13. a4 a6 14. axb5 axb5 15. b3 Bb4 16. bxc4 {1-0 (33) Rodshtein,M (2695)-Hovhannisyan,R (2606) Tbilisi 2017}) 13. Nxc4 Nxc4 14. Qxc4 c6 15. b3 O-O 16. Bb2 a6 17. Rac1 h6 18. e4 {[%cal Be3e4,Be4e5][%mdl 32]} Qd3 19. Qxd3 Rxd3 20. e5 Nh7 21. Be4 Rd2 22. Rc2 Rfd8 23. Bc1 Rxc2 24. Bxc2 Ng5 25. Kg2 Ne6 26. Rd1 Nd4 27. Be4 f6 28. exf6 Bxf6 29. Bg6 Ne2 30. Rxd8+ Bxd8 $14 {[%mdl 4096] Endspiel KLL-KLS} 31. Bd2 Bf6 32. Bf5 Nc3 33. a4 a5 34. Kf3 b5 ({Lieber} 34... Kf7) 35. Bc2 ({Besser ist} 35. Bd7 $1 $16) 35... Kf7 36. Ke3 Nd5+ 37. Ke4 Bd8 (37... b4 $14) 38. axb5 $16 Nf6+ {[#]} 39. Kd4 $1 cxb5 40. Kc5 b4 41. h3 Ke6 42. f4 Nd7+ 43. Kc6 Nb8+ 44. Kb5 Kd5 45. Bg6 Kd4 46. Bf5 Kd5 47. Bc8 Kd6 48. Be3 Nd7 49. f5 Nf6 {[#]} 50. Bd4 $2 ({Der einzige Zug:} 50. Bc5+ $1 $18 Ke5 51. Bf8) 50... Kd5 $11 51. Bc5 Ne4 52. Bb7+ {Precision: Weiß = 80%, Schwarz = 57%.} 1/2-1/2

[Event "33rd ECCC Open 2017"]
[Site "Antalya"]
[Date "2017.10.13"]
[Round "6"]
[White "Sanal, Vahap"]
[Black "Abbas, Daniel"]
[Result "1-0"]
[WhiteElo "2549"]
[BlackElo "2329"]
[Annotator "TA"]
[PlyCount "85"]
[EventType "team-tourn"]
[EventCountry "TUR"]
[SourceTitle "playchess.com"]
[Source "ChessBase"]
[SourceQuality "1"]
[WhiteTeam "Besiktas"]
[BlackTeam "3CS Oldham"]

{[%evp 20,85,0,0,0,0,0,0,0,-14,2,2,2,1,19,0,8,4,13,0,0,7,27,-36,18,16,7,12,13,8,76,70,179,179,237,0,64,66,130,127,285,303,297,295,280,283,324,312,324,322,460,446,720,777,748,754,740,720,5202,5181,5907,977,29960,29946,29982,29983,29983,29984]} 1. e4 c5 2. Nf3 e6 3. Nc3 a6 4. d4 cxd4 5. Nxd4 Qc7 6. g3 Bb4 7. Nde2 Nf6 8. Bg2 Nc6 9. O-O Be7 10. a4 d6 11. Nd4 {LiveBook: 6 Games. B43: Sicilian: Kan Variation: 5 Nc3} Rb8 12. Nb3 $146 ({Predecessor:} 12. Be3 O-O 13. Qe2 Re8 14. Rad1 Bd7 15. Nb3 Ne5 16. Nd4 Rec8 17. Bc1 Qa5 18. Nb3 {½-½ (113) Moreno Tejera,E (2444)-Smeets,J (2598) Germany 2016}) 12... b6 13. f4 {The position is equal.} Bb7 14. Be3 O-O 15. g4 d5 16. exd5 Rbd8 17. Qe2 Nxd5 18. Nxd5 exd5 19. c3 Rfe8 20. Qf2 Bh4 21. Qd2 {[#]} (21. Qxh4 $11 Rxe3 22. Rae1 Rxe1 23. Rxe1) 21... Bf6 ({Black should try} 21... d4 $1 $15 {[%mdl 512]} 22. Bxd4 (22. Nxd4 Na5) 22... Qc8) 22. g5 $11 d4 23. cxd4 Be7 $1 24. Rac1 $36 {[%mdl 2048] aiming for d5. White fights for an advantage.} Qd7 (24... Bb4 $11 25. Qd3 Qe7) 25. d5 $16 Nb4 (25... Na5 $14 26. Nxa5 bxa5) 26. Bxb6 $18 Rc8 {[#]} (26... Rb8 $142) 27. d6 $2 (27. Bc5 $1 $18 Na2 28. Rc2) 27... Bxg2 (27... Rxc1 $1 $11 28. Rxc1 Bxg2 29. dxe7 (29. Qxg2 Bxd6 30. Qf3 Bxf4 $17) 29... Bd5) 28. dxe7 $14 ({Reject} 28. Qxg2 Rxc1 29. Nxc1 Qxd6 $15) (28. Kxg2 Bxd6 29. Bg1 Rxc1 $17) 28... Nd5 (28... Bd5 $1 $14 29. Qxb4 Qh3) 29. Kxg2 $16 {Black must now prevent Rxc8.} Rxc1 $2 (29... Qg4+ $16 {is a better defense.} 30. Kh1 Nxb6) 30. Nxc1 $18 Nxb6 31. Qxd7 Nxd7 $16 {[%mdl 4096] Endgame KRN-KRN} 32. Re1 f6 33. Nd3 Kf7 34. Nb4 a5 (34... fxg5 $142 35. fxg5 Rxe7 36. Rxe7+ Kxe7 37. Nxa6 Kd6) 35. Nd5 $18 Nc5 (35... f5 $142 36. b4 axb4) 36. gxf6 gxf6 37. f5 {[%cal Bf4f5,Bf5f6][%mdl 32]} Nxa4 38. Re6 Nxb2 39. Rxf6+ Kg7 40. Ra6 (40. Rd6 $142 Kf7 41. f6 Rg8+ 42. Kf3) 40... Kf7 41. Rh6 {White mates.} Kg7 42. f6+ Kg8 {[#]} 43. Rxh7 $1 {[%mdl 512] Precision: White = 73%, Black = 25%.} 1-0

[Event "33rd ECCC Open 2017"]
[Site "Antalya"]
[Date "2017.10.13"]
[Round "6"]
[White "Dvirnyy, Danyyil"]
[Black "Demuth, Adrien"]
[Result "0-1"]
[WhiteElo "2542"]
[BlackElo "2538"]
[Annotator "TA"]
[PlyCount "54"]
[EventType "team-tourn"]
[EventCountry "TUR"]
[SourceTitle "playchess.com"]
[Source "ChessBase"]
[SourceQuality "1"]
[WhiteTeam "Padova"]
[BlackTeam "Nice Alekhine"]

{[%evp 14,54,41,39,36,37,41,40,40,22,23,22,22,16,16,18,13,7,29,35,25,0,0,-60,-46,-65,-57,-72,-60,-648,-632,-629,-646,-635,-629,-558,-500,-989,-986,-886,-857,-1111,-1108]} 1. c4 d6 2. Nc3 g6 3. d4 Bg7 4. Nf3 Bg4 5. g3 Bxf3 6. exf3 Nc6 7. d5 {A41: 1 d4 d6: Tartakower System and Modern Defence} Nd4 (7... Ne5 8. Be2 Nf6 9. O-O O-O 10. Be3 c6 11. Qd2 a6 12. Rac1 Rc8 13. b3 cxd5 14. Nxd5 Nxd5 15. Qxd5 {0-1 (89) Krivonosov,O (2462)-Malakhov,V (2691) Jurmala 2016}) 8. Bh3 {LiveBook: 4 Games} c5 9. dxc6 {White is slightly better.} bxc6 10. Be3 $146 ({Predecessor:} 10. O-O e6 11. Be3 c5 12. Bxd4 cxd4 13. Nb5 Qb6 14. Qe2 {½-½ (40) Haik,A (2435)-Kosanski,S (2340) Zagreb 1979}) 10... e5 11. O-O Ne7 12. f4 O-O 13. fxe5 dxe5 {[%cal Bd6e5,Be5d4,Bd4d3,Bd3d2][%mdl 32]} 14. Bxd4 exd4 15. Na4 Qd6 16. Qd2 Nf5 17. Qa5 Rfe8 18. Rfe1 (18. Rad1 $11) 18... d3 $36 {[%mdl 2048] Black is pushing.} 19. Bxf5 gxf5 20. Rad1 {[#]} f4 $1 21. Qc5 $2 {[%mdl 8192]} (21. Kg2 $15) 21... Rxe1+ $19 {Black is clearly winning.} 22. Rxe1 d2 23. Rd1 Qe6 {...Qe1+ is the strong threat.} 24. Qh5 Re8 25. Nc3 (25. Kg2 $142 Qe4+ 26. Qf3) 25... f3 26. Qxf3 Bxc3 27. bxc3 Qh3 {Precision: White = 54%, Black = 91%.} 0-1

[Event "33rd ECCC Open 2017"]
[Site "Antalya"]
[Date "2017.10.13"]
[Round "6"]
[White "Palac, Mladen"]
[Black "Valsecchi, Alessio"]
[Result "1/2-1/2"]
[WhiteElo "2540"]
[BlackElo "2508"]
[Annotator "TA"]
[PlyCount "69"]
[EventType "team-tourn"]
[EventCountry "TUR"]
[SourceTitle "playchess.com"]
[Source "ChessBase"]
[SourceQuality "1"]
[WhiteTeam "Nice Alekhine"]
[BlackTeam "Padova"]

{[%evp 26,69,26,30,26,27,25,30,29,25,35,0,0,-4,0,0,0,0,0,0,3,0,1,0,0,0,-3,-8,0,0,0,-35,-35,-35,0,0,0,0,0,0,0,0,0,0,0,0]} 1. e4 c5 2. Nf3 e6 3. d4 cxd4 4. Nxd4 Nf6 5. Nc3 d6 6. g4 h6 7. h4 Nc6 8. Rg1 d5 9. exd5 Nxd5 {B81: Sicilian Scheveningen: Keres Attack} 10. Nxd5 Qxd5 11. Bg2 Qc4 12. Be3 Bd7 13. Nxc6 Bxc6 14. Qd4 {LiveBook: 3 Games} Qb4+ {[#]} 15. Qxb4 $146 ({Predecessor:} 15. c3 Qxd4 16. Bxc6+ bxc6 17. Bxd4 {½-½ (73) Sjugirov,S (2645)-Gabrielian,A (2544) Vladivostok 2014}) 15... Bxb4+ 16. c3 Bxg2 17. Rxg2 Be7 18. Bd4 Bf6 19. Rd1 Rd8 20. Bxf6 {[%csl Gf6][%cal Rd1d8] [#]} Rxd1+ 21. Kxd1 gxf6 $11 {[%mdl 4096] Endgame KR-KR} 22. Ke2 Ke7 23. Rg3 Rc8 24. f4 Rc4 25. Ke3 e5 26. Rf3 Ke6 27. Rf2 b5 28. a3 a5 29. Rf1 Rc8 30. fxe5 {The position is equal.} fxe5 31. g5 hxg5 32. hxg5 Rg8 33. Rf6+ Kd5 $1 34. Rxf7 {Black should prevent Rf5.} Rxg5 35. a4 {Precision: White = 84%, Black = 86%.} 1/2-1/2

[Event "33rd ECCC Open 2017"]
[Site "Antalya"]
[Date "2017.10.13"]
[Round "6"]
[White "Kveinys, Aloyzas"]
[Black "Pijpers, Arthur"]
[Result "1-0"]
[WhiteElo "2535"]
[BlackElo "2465"]
[Annotator "TA"]
[PlyCount "79"]
[EventType "team-tourn"]
[EventCountry "TUR"]
[SourceTitle "playchess.com"]
[Source "ChessBase"]
[SourceQuality "1"]
[WhiteTeam "Riga"]
[BlackTeam "Leiden"]

{[%evp 28,79,17,14,20,22,21,24,66,0,0,-2,15,18,22,20,16,15,20,11,25,34,28,30,38,29,30,28,69,65,68,85,147,97,138,99,314,327,900,471,1406,1368,1368,1361,1225,1097,29991,29992,29994,29995,29995,29990,29990,29991]} 1. d4 d5 2. c4 c6 3. Nc3 Nf6 4. e3 e6 5. Nf3 Nbd7 6. Qc2 Bd6 7. Bd3 O-O 8. O-O e5 9. cxd5 cxd5 10. e4 exd4 11. Nxd5 Nxd5 12. exd5 h6 13. b3 {D46: Semi-Slav: 5 e3 Nbd7 6 Bd3, Black avoids the Meran} Nf6 14. Bb2 Nxd5 15. Qc4 {LiveBook: 6 Games. The position is equal.} Bg4 16. Qxd4 {[%csl Gb2][%cal Rd4g7] [#]} Nf6 {[%cal Bd5f6,Bf6e4,Be4c5][%mdl 32]} 17. Be4 {[#]} Qb8 $146 ({Predecessor:} 17... Qd7 18. h3 Bh5 19. Nh4 Rad8 20. Bf3 Bxf3 21. Nxf3 {½-½ (43) Lysyj,I (2673)-Motylev,A (2658) Chita 2015}) 18. h3 (18. Bxb7 $1 $14 Rd8 19. Bxa8 Bxf3 20. Bxf3 Bxh2+ 21. Kh1 Rxd4 22. Bxd4) 18... Rd8 $1 $11 19. Qc3 ({Don't play} 19. hxg4 Bh2+ 20. Nxh2 Rxd4 $17) 19... Rc8 20. Qd3 Nxe4 21. hxg4 Nc5 22. Qf5 Ne6 23. Rad1 {[%cal Ba1d1,Bd1d3,Bd3h3,Bh3h4,Bh4g4][%mdl 32] Black must now prevent Ne5.} Qc7 24. g5 hxg5 25. Nxg5 Nxg5 26. Qxg5 {[%csl Gb2][%cal Rg5g7]} Bf8 27. Rd3 {aiming for Rg3.} Qc2 28. Rh3 $1 Rc6 ({Avoid the trap} 28... Qxb2 $2 29. Qh5 $18) 29. Bc1 $40 {[%mdl 128] And now Qh5 would win. Black is in trouble.} Qe4 (29... Qg6 $142) 30. Qh5 $16 {[%csl Gh3][%cal Rh5h8]} f6 31. Rh4 Qd3 $2 (31... Qe6 $16) 32. Rd1 $18 Qa6 $2 (32... Rxc1 33. Rxc1 Rd8) 33. Ba3 Rc7 (33... Bxa3 $142 34. Qh8+ Kf7 35. Qxa8 Re6) 34. Qh7+ Kf7 35. Bxf8 Rxf8 36. Rg4 Ke8 37. Qh5+ {White mates.} Rff7 38. Re4+ Rce7 39. Qh8+ Rf8 {[#]} 40. Rd8+ $1 {[%mdl 512] Precision: White = 73%, Black = 30%.} 1-0

[Event "33rd ECCC Open 2017"]
[Site "Antalya"]
[Date "2017.10.13"]
[Round "6"]
[White "Greenfeld, Alon"]
[Black "Popov, Ivan"]
[Result "1/2-1/2"]
[WhiteElo "2509"]
[BlackElo "2609"]
[Annotator "TA"]
[PlyCount "73"]
[EventType "team-tourn"]
[EventCountry "TUR"]
[SourceTitle "playchess.com"]
[Source "ChessBase"]
[SourceQuality "1"]
[WhiteTeam "Beer Sheva"]
[BlackTeam "Legacy Square Capital"]

{[%evp 25,73,19,29,18,17,16,32,30,21,16,21,16,16,13,24,6,41,33,44,44,109,110,125,63,72,55,45,56,30,11,8,0,0,0,0,0,0,-1,0,0,0,0,0,0,0,0,4,4,4,8]} 1. d4 Nf6 2. c4 e6 3. g3 d5 4. Bg2 Be7 5. Nf3 O-O 6. O-O dxc4 7. Qc2 a6 8. a4 c5 9. dxc5 Bxc5 {E05: Open Catalan: 5 Nf3 Be7} 10. Qxc4 (10. Bg5 h6 11. Bxf6 Qxf6 12. Nbd2 Bd7 13. Ne4 Qe7 14. Ne5 Rc8 15. Nxc5 Rxc5 16. Bxb7 Ra7 17. Nxd7 Nxd7 {1-0 (33) Giri,A (2772)-Sethuraman,S (2618) Tbilisi 2017}) 10... b6 11. Ne5 Ra7 12. Nc3 Bb7 13. Bxb7 Rxb7 {LiveBook: 4 Games} 14. Ne4 {[#]} Qd4 $146 ({Predecessor:} 14... Rc7 15. Nxf6+ Qxf6 16. Qe4 Qe7 17. Bf4 {1-0 (25) Blomqvist,E (2567)-Kravtsiv,M (2645) Stockholm 2017}) 15. Nxc5 bxc5 16. Qxd4 cxd4 17. Rd1 Nbd7 18. Nxd7 Rxd7 19. Bf4 Rd5 20. f3 Rfd8 21. Bc7 R8d7 22. Rac1 Ne8 (22... e5 $14) 23. Bb6 $16 {Threatens to win with Rc8.} f5 24. b4 ({Better is} 24. Rc8 $16 Kf7 25. Ra8) 24... Kf7 $14 25. Rc6 e5 $1 26. Bc5 Nc7 27. Kg2 Ne6 {The position is equal.} 28. e4 dxe3 $1 {[#] White must now prevent ...Rd2+.} 29. Rxd5 Rxd5 30. Bxe3 $11 {[%mdl 4096] Endgame KRB-KRN} Rd3 31. Kf2 Rb3 32. Rxa6 Rxb4 33. h4 Rb2+ 34. Kf1 Rb3 35. Ke2 f4 36. gxf4 Nxf4+ 37. Bxf4 {Precision: White = 65%, Black = 57%.} 1/2-1/2

[Event "33rd ECCC Open 2017"]
[Site "Antalya"]
[Date "2017.10.13"]
[Round "6"]
[White "Mogranzini, Roberto"]
[Black "Sulava, Nenad"]
[Result "0-1"]
[WhiteElo "2501"]
[BlackElo "2442"]
[Annotator "TA"]
[PlyCount "82"]
[EventType "team-tourn"]
[EventCountry "TUR"]
[SourceTitle "playchess.com"]
[Source "ChessBase"]
[SourceQuality "1"]
[WhiteTeam "Padova"]
[BlackTeam "Nice Alekhine"]

{[%evp 11,82,0,0,-4,-9,-11,-14,0,0,-9,-20,-18,-11,-14,-12,-17,-7,-22,-11,-11,0,-12,-13,-47,-41,-23,-31,-55,-57,-62,-60,-60,-57,-105,-77,-155,-156,-164,-147,-154,-93,-114,-116,-118,-107,-172,-76,-279,-274,-268,-256,-516,-503,-595,-591,-530,-393,-668,-669,-687,-680,-644,-608,-700,-693,-702,-612,-605,-604,-29983,-29984,-29997,-29998]} 1. c4 Nf6 2. g3 c6 3. Nf3 d5 4. Bg2 dxc4 5. O-O Nbd7 6. Qc2 Nb6 {LiveBook: 274 Games. A11: English Opening: 1...c6} 7. b3 (7. Na3 Be6 8. Ne5 h5 9. Naxc4 Nxc4 10. Nxc4 h4 11. Ne5 hxg3 12. hxg3 Rc8 13. d4 Bd5 14. e4 Bxe4 15. Bxe4 Qxd4 16. Nxf7 Kxf7 17. Bg6+ Kg8 18. Rd1 Qe5 19. Bf4 Qa5 20. Bf5 g5 21. Bxc8 Kg7 22. Be3 {1-0 (22) Aronian,L (2792)-So,W (2770) Leuven 2016}) 7... cxb3 8. axb3 g6 {The position is equal.} 9. Bb2 Bg7 10. Na3 $146 {[%cal Bb1a3,Ba3c4,Bc4a5][%mdl 32]} ({Predecessor:} 10. d3 O-O 11. Nbd2 Nbd5 12. Be5 Nd7 13. Bxg7 Kxg7 14. Nc4 {1-0 (35) Parrott,L (1931)-Ching,Y (1610) Hong Kong 2016}) 10... O-O 11. Nc4 Be6 12. Na5 Qc8 13. e4 Ne8 14. Bxg7 Nxg7 15. Qc5 Re8 16. Rfc1 Bg4 17. d4 Bxf3 18. Bxf3 e5 19. d5 cxd5 $1 {aiming for ...Qxc5.} 20. Qb4 Qd7 21. exd5 Nf5 {And now ...Nd4 would win.} 22. Bg4 Qd6 $36 {[%mdl 2048] Black has strong initiative.} 23. Qe1 ({Better is} 23. Qxd6 Nxd6 24. Nc4) 23... Nd4 $1 $17 (23... Qxd5 24. Bxf5 gxf5 25. Rc7 $15) 24. Nxb7 Qxd5 25. Nc5 Kg7 (25... e4 $142 26. Ra5 f5) 26. Ra5 h5 27. Bd1 Rac8 28. b4 {[#]} (28. Nd3 $17 Qd6 29. Rxc8 Rxc8 30. Rxe5) 28... h4 $1 {[%mdl 512]} 29. Rxa7 $2 (29. Nd3 $17 {only move.} Qd6 30. Rxc8 Rxc8 31. Rxe5) (29. gxh4 Nc4) 29... hxg3 $19 30. fxg3 {[#]} e4 $1 31. Qe3 $2 {[#]} (31. Bg4 {keeps fighting.} e3 32. Rc3) 31... Nc4 $1 {[%cal Rc4e3]} 32. Qc3 Ne5 {[%cal Bc4e5,Be5f3,Bf3d4,Bd4f3,Bf3e1][%mdl 32]} 33. Qe3 Nef3+ 34. Kf2 $2 (34. Kg2 Rcd8 35. Rca1) 34... Nf5 35. Qc3+ N3d4 36. Kg1 e3 {[%cal Be4e3,Be3e2][%mdl 32]} 37. Bg4 Kg8 38. Re1 e2 {Threatens to win with ...Ne3!} 39. Bxf5 {Strongly threatening Be4.} Nf3+ (39... gxf5 $2 40. Kf2 $19) 40. Kf2 Nxe1 41. Bxc8 Qg2+ {Precision: White = 28%, Black = 78%.} 0-1

[Event "33rd ECCC Open 2017"]
[Site "Antalya"]
[Date "2017.10.13"]
[Round "6"]
[White "Johannessen, Leif Erlend"]
[Black "Asadli, Vugar"]
[Result "0-1"]
[WhiteElo "2496"]
[BlackElo "2448"]
[Annotator "TA"]
[PlyCount "84"]
[EventType "team-tourn"]
[EventCountry "TUR"]
[SourceTitle "playchess.com"]
[Source "ChessBase"]
[SourceQuality "1"]
[WhiteTeam "Oslo"]
[BlackTeam "Genc"]

{[%evp 21,84,6,26,11,20,-34,-26,-28,56,-56,0,5,0,-106,-102,-123,-100,-109,-102,-107,-122,-110,-125,-103,-114,-112,-120,-109,-114,-120,-108,-147,-121,-247,-237,-338,-345,-333,-326,-335,-323,-395,-247,-356,-359,-744,-722,-761,-731,-965,-949,-1240,-1233,-1161,-852,-1796,-1435,-5014,-5014,-29985,-4918,-29986,-4910,-29990,-29991]} 1. d4 d5 2. c4 c6 3. Nf3 Nf6 4. Nc3 e6 5. e3 Nbd7 6. Qc2 Bd6 7. b3 O-O 8. Be2 Qe7 9. O-O dxc4 10. bxc4 e5 11. c5 {D45: Semi-Slav: 5 e3} (11. Rd1 Re8 12. Rb1 e4 13. Nd2 Nf8 14. c5 Bc7 15. Nc4 Ng4 16. g3 Nxh2 17. Qxe4 Qd8 18. Qh4 Qxh4 19. gxh4 Ng6 20. d5 Nxh4 21. d6 N2f3+ 22. Kh1 Bf5 23. dxc7 Bxb1 24. Nxb1 Rec8 25. Rd7 Kf8 26. Nd6 Ne5 27. Nxc8 Nxd7 {1-0 (27) Avrukh,B (2641)-Nepomniachtchi,I (2632) Netanya 2009}) 11... Bc7 {LiveBook: 4 Games} 12. Ba3 Ba5 13. Bc4 $146 (13. Rad1 $11) ({Predecessor:} 13. Rfe1 b5 14. Rab1 e4 15. Nd2 Bxc3 16. Qxc3 Nd5 17. Qa5 N7f6 18. Bb2 Rb8 {0-1 (37) Aczel,G (2431)-Fodor,T (2487) Hungary 2013}) 13... e4 14. Nd2 {[%cal Rc3e4]} Re8 (14... b5 $11 15. Be2 Bxc3 16. Qxc3 Nd5) 15. f3 (15. Rab1 $14) 15... exf3 ({Better is} 15... b5 $15 16. Be2 exf3 17. Rxf3 Bxc3 18. Qxc3 Nd5) 16. Rxf3 $11 b5 17. Bf1 (17. Bd3 $11 {remains equal.}) 17... Nf8 $36 {[%mdl 2048] Black has strong initiative.} 18. h3 Be6 {Threatens to win with ...b4.} 19. Bb2 Bxc3 $1 20. Bxc3 Bd5 21. Rxf6 Qxf6 22. e4 Qg6 {[%cal Rd5e4]} 23. Bd3 {[#]} Bc4 $1 24. Bxc4 (24. Nxc4 bxc4) 24... bxc4 25. Re1 {[#]} Ne6 $1 {Hoping for ...Nf4.} 26. Re3 Rad8 27. Nf3 (27. Nxc4 $17 {was the only defense.} Nxd4 28. Bxd4 Rxd4 29. Nd6) 27... Nf4 $19 28. Nh4 (28. Ba5 $142 Rd7 29. Kh2) 28... Qg5 29. Nf5 {[#]} Qxf5 $1 {[%mdl 512]} 30. exf5 Rxe3 31. Qf2 Re4 ({Stronger than} 31... Rxc3 32. Qxf4 Rd3 33. f6 $11) ({Resist} 31... Nxh3+ 32. gxh3 Rxc3 33. Qh4 $19) 32. Qf3 (32. Kh2 $142) 32... Rde8 33. d5 $2 (33. Ba5) 33... Nxd5 34. Qg3 g6 35. fxg6 hxg6 36. Bd2 Re2 37. Bh6 c3 {[%cal Bc4c3,Bc3c2][%mdl 32]} 38. Kh2 c2 39. Bc1 Ne3 {( -> ...Nf1+)} 40. Qd6 Rxg2+ 41. Kh1 Rf2 (41... Re2 $142 42. Qd4 Re1+ 43. Kh2 Rxc1 44. Qb2 Re1 45. Kg3 c1=Q 46. Qxc1 Rxc1 47. Kf3 Nd5 48. h4 Rc3+ 49. Kf2 Rc2+ 50. Kg3 Re3+ 51. Kg4 Rg2#) 42. Qxc6 Rd8 {Precision: White = 30%, Black = 69%.} 0-1

[Event "33rd ECCC Open 2017"]
[Site "Antalya"]
[Date "2017.10.13"]
[Round "6"]
[White "Nemeth, Miklos"]
[Black "Nikolovski, Nikola"]
[Result "1/2-1/2"]
[WhiteElo "2489"]
[BlackElo "2420"]
[Annotator "TA"]
[PlyCount "133"]
[EventType "team-tourn"]
[EventCountry "TUR"]
[SourceTitle "playchess.com"]
[Source "ChessBase"]
[SourceQuality "1"]
[WhiteTeam "Dunajska Streda"]
[BlackTeam "Asseco See"]

{[%evp 10,133,31,12,31,21,41,25,34,32,44,21,36,20,23,0,0,0,46,39,37,48,76,80,75,61,72,29,31,14,66,58,67,51,72,81,97,45,113,23,32,11,51,39,38,13,14,14,13,0,0,-142,-165,-146,-118,-130,0,0,0,0,0,0,0,-14,-14,-15,-15,-17,-4,-27,0,0,0,0,0,0,0,0,0,-20,-17,-22,-22,-22,-21,-22,-21,-25,-24,-52,-56,-61,-56,-64,-39,-37,-36,-36,-41,-75,-44,-79,-19,-33,-33,-44,-44,-85,-30,-40,-9,-17,-9,-24,-22,-22,-22,-22,-22,-23,-23,-37,-8,-8,-8,-8]} 1. e4 c5 2. Nf3 d6 3. d4 cxd4 4. Qxd4 a6 5. c4 Nc6 6. Qe3 g6 {B53: Sicilian: 2...d6: Lines with Qxd4} 7. Be2 Bg7 8. h3 Nf6 {White has an edge.} 9. O-O O-O 10. Nc3 Nd7 (10... Be6 11. Bd2 Nd7 12. Rfd1 Nde5 13. b3 Nxf3+ 14. Bxf3 {½-½ (61) Ponomariov,R (2709)-Kasimdzhanov,R (2691) Tashkent 2016}) 11. Rd1 Nc5 12. Bd2 f5 13. exf5 {[#]} gxf5 $146 ({Predecessor:} 13... Bxf5) 14. Qg5 f4 15. Nd5 $36 {[%mdl 2048] Black is under pressure.} ({Don't go for} 15. Bxf4 $2 Ne6 $19) 15... h6 16. Qh4 ({Much weaker is} 16. Qg6 $6 Bf5 $11) 16... e5 17. Qxd8 Rxd8 18. Bc3 Bf5 19. Rac1 Na4 (19... a5 $11) 20. Nh4 $14 Bh7 21. Bg4 Nxc3 22. bxc3 Rab8 23. Nb6 (23. Nc7 $16) 23... Bf6 {[#]} (23... e4 $14) 24. Nf3 (24. Be6+ $1 $16 Kh8 25. Nf5) 24... Be7 25. Rd2 Kh8 26. Rcd1 Rg8 27. Rb2 e4 {[%cal Be5e4,Be4e3][%mdl 32]} 28. Nd4 Ne5 29. Be6 Rg7 30. Bd5 (30. Nd5 $11 {keeps the balance.}) 30... f3 $17 31. g3 {[#]} e3 $1 {[%mdl 512]} 32. Nxf3 (32. fxe3 Rxg3+) 32... Nxf3+ (32... Nd3 $17 33. Rxd3 Bxd3) 33. Bxf3 $11 Rf8 34. Bg2 exf2+ 35. Rxf2 Rxg3 36. Rxf8+ Bxf8 37. Re1 Bg6 38. Nd5 Bg7 39. Kf2 Rg5 40. Re7 b5 41. cxb5 axb5 42. Bf3 Be5 43. Rb7 Bd3 44. Ke3 Bc4 45. Be4 Rg3+ 46. Kf2 Bxd5 47. Bxd5 Rxh3 48. Rxb5 Rxc3 {[%mdl 4096] Endgame KRB-KRB} 49. Rb3 Rc5 50. Rd3 Kg7 51. Kf3 Ra5 52. Bb3 h5 53. a4 Kf6 54. Kg2 Kf5 55. Kh3 Ke4 ({Better is} 55... Rc5 $17 {Strongly threatening ...Ke4.} 56. Bf7 Rc1 57. Rf3+ Kg5) 56. Bc2 Kf4 57. Bd1 Kg5 58. Bb3 Kf5 (58... Rc5 $17) 59. Bc2 Ke6 (59... Kf6 {is more complex.} 60. Rf3+ Kg7 61. Rf5 Rc5 62. Be4 Rc3+) 60. Bb3+ Kd7 61. Bf7 Bf6 62. Rd5 Rxa4 63. Bxh5 Ke6 64. Bf3 Ra3 65. Kg4 Rxf3 {[#]} 66. Rxd6+ $1 {[%mdl 512]} Kxd6 67. Kxf3 {Precision: White = 48%, Black = 45%.} 1/2-1/2